|
|
|
|
| LEADER |
01189nam a2200337Ia 4500 |
| 001 |
EBC3116921 |
| 003 |
MiAaPQ |
| 005 |
20200520144314.0 |
| 006 |
m o d | |
| 007 |
cr cn||||||||| |
| 008 |
040812s1991 caua gs 000 0 eng d |
| 020 |
|
|
|z 1560520787
|
| 035 |
|
|
|a (MiAaPQ)EBC3116921
|
| 035 |
|
|
|a (Au-PeEL)EBL3116921
|
| 035 |
|
|
|a (CaPaEBR)ebr10058013
|
| 035 |
|
|
|a (OCoLC)922967011
|
| 040 |
|
|
|a MiAaPQ
|c MiAaPQ
|d MiAaPQ
|
| 050 |
|
4 |
|a HD30.28
|b .S53 1991
|
| 100 |
1 |
|
|a Sherman, James K.
|
| 245 |
1 |
0 |
|a Plan your work/work your plan
|h [electronic resource] /
|c James R. Sherman.
|
| 246 |
1 |
|
|i Sub-title on cover
|a Secrets for more productive planning
|
| 260 |
|
|
|a Los Altos, Calif. :
|b Crisp,
|c c1991.
|
| 300 |
|
|
|a vi, 71 p. :
|b ill.
|
| 490 |
1 |
|
|a Fifty-Minute series
|
| 533 |
|
|
|a Electronic reproduction. Ann Arbor, MI : ProQuest, 2015. Available via World Wide Web. Access may be limited to ProQuest affiliated libraries.
|
| 650 |
|
0 |
|a Planning.
|
| 650 |
|
0 |
|a Success.
|
| 655 |
|
4 |
|a Electronic books.
|
| 710 |
2 |
|
|a ProQuest (Firm)
|
| 830 |
|
0 |
|a Fifty-Minute series.
|
| 856 |
4 |
0 |
|u https://ebookcentral.proquest.com/lib/matrademy/detail.action?docID=3116921
|z Click to View
|